| 000 | 00711nam a22002532a 4500 | ||
|---|---|---|---|
| 001 | 6488 | ||
| 003 | BD-RjUL | ||
| 005 | 20211208234243.0 | ||
| 008 | 110114s1946 nyu 000 0 eng d | ||
| 035 | _aOCLC ocm01440903 from D960810M | ||
| 040 |
_aDLC _cJPL _dSER _dOCL _dEQO _beng |
||
| 041 | _aeng | ||
| 082 |
_a280.973 _bPRD 1946 |
||
| 100 | 1 |
_aPreece, Harold. _920429 |
|
| 245 | 1 | 0 | _aDew on Jordan |
| 260 |
_aNew York : _bE.P. Dutton & Company, Inc, _c1946 |
||
| 300 |
_a221 p. _c21 cm |
||
| 500 | _aAt head of title: By Harold Preece & Celia Kraft | ||
| 500 | _a"First edition." | ||
| 650 | 0 |
_aSects _zUnited States _920430 |
|
| 700 | 1 |
_aKraft, Celia. _920431 |
|
| 942 |
_2ddc _cBK |
||
| 999 |
_c6488 _d6488 |
||